000 01523nam a2200505 a 4500
001 22228
003 VRT
005 20260323135131.0
008 240314s2009 xo g 000 f slo
015 _aSNBA2009/04-02018
020 _a9788055118703
_q(viaz.)
035 _a7A5644C7-F5C7-4501-8EF1-A9DF375A1EEA
035 _aurn:nbn:sk:snk-aml5lh
035 _aurn:nbn:sk:snk-am008vlf
039 9 _a202403141628
_bVLOAD
_c202305040824
_dmsnk170
_c201606101704
_dVLOAD
_c201208271055
_dmvkhe01
040 _aSNK
_bslo
_cSNK
_eAACR2
041 0 _aslo
044 _axo
_cSK
072 7 _a821.162.4-3
_xSlovenská próza
_2konspekt
080 _a821.162.4-31
_22001
100 1 _aSolčanská, Martina,
_d1981-
_4aut
245 1 0 _aPočkám tu na Teba
_cMartina Solčanská
250 _a1. vyd.
260 _aBratislava
_bIkar
_c2009
300 _a199 s.
_c21 cm
655 7 _aslovenské romány
_2SNKPH
655 7 _aumelecká literatúra
_2SNKPH
910 _asnk
910 _apppk
910 _avthk
910 _askpk
910 _atotk
910 _abjkdg
910 _apokpoh
910 _asavuk
910 _abpksh
910 _ahevk
942 _2ddc
_cKLDO
_n0
949 _6273K0508375
_asvkpoA 205431
_bsvkpo519086
949 _62889146651
_asavukPV 12246
_bsavuk2009/708
949 _617A0608111
_asnkSC 134113
_bsnk2009/557
_o243/09
_s6100:20151123
949 _617A0610135
_asnkSC 134113 D1
_bsnk2009/1737
_o243/09
949 _63869A09871
_abpksh821.162.4-31
_bbpksh57362
980 _a821.162.4-31
999 _c22228
_d22228